| 000 | 00675nam a22002297a 4500 | ||
|---|---|---|---|
| 942 | _cBK | ||
| 999 |
_c491 _d491 |
||
| 005 | 20250420134812.0 | ||
| 008 | 200726b ||||| |||| 00| 0 eng d | ||
| 020 | _a9781118651520 | ||
| 040 | _cKCST | ||
| 082 |
_a530 _bCu In |
||
| 100 |
_aCutnell, John D. _94690 |
||
| 245 |
_aIntroduction to physics / _cJohn D. Cutnell, Kenneth W. Johnson, David Young, Shane Stadler. |
||
| 250 |
_a10th edition _bInt. student version |
||
| 260 |
_aHoboken : _bJohn Wiley & Sons; _c2015. |
||
| 300 | _axv, 836 p. | ||
| 650 |
_aPhysics. _93 |
||
| 700 |
_aJohnson, Kenneth W. _94691 |
||
| 700 |
_aYoung, David _94692 |
||
| 700 |
_aStadler, Shane _94693 |
||
| 942 | _2ddc | ||